Zikr-i Mir : (Record no. 23663)

MARC details
000 -LEADER
fixed length control field 00451cam a2200169 a 4500
020 ## - INTERNATIONAL STANDARD BOOK NUMBER
ISBN 019564588X
082 00 - DEWEY DECIMAL CLASSIFICATION NUMBER
Classification number 891.4391
100 1# - MAIN ENTRY--AUTHOR NAME
Author name Naim
245 10 - TITLE STATEMENT
Title Zikr-i Mir :
260 ## - PUBLICATION, DISTRIBUTION, ETC. (IMPRINT)
Place of publication New Delhi ;
-- New York :
Name of publisher Oxford University Press,
Year of publication c1999.
300 ## - PHYSICAL DESCRIPTION
Number of Pages viii, 214 p. :
Other physical details ill., maps ;
650 #0 - SUBJECT ADDED ENTRY--TOPICAL TERM
Topical Term Authors, Urdu
856 42 - ELECTRONIC LOCATION AND ACCESS
Uniform Resource Identifier http://www.loc.gov/catdir/enhancements/fy0637/99939179-d.html
942 ## - ADDED ENTRY ELEMENTS (KOHA)
Koha item type Books
700 1# -
-- Naim, C. M,

No items available.

                   Copyright © 2026 | Henry Martyn Institute | Hyderabad | TS-500052 | INDIA | Implemented by hmi.edu.in
Hit-Count:

Powered by Koha